000
00218 a2200097 4500
001
513
100
_a
Graham,KC
245
_a
Fundamentals of electricity
260
_a
_b
American Technical Society
_c
090
_c
125
_d
125
942
_a
NUST-CAE
_c
M
_c
2780
999
_c
235586
_d
235586